Statystyki dla Wybrane stolice azji

Kliknij tutaj aby rozwiązać quiz!

Ogólne statystyki

  • Ten quiz został rozwiązany 29 razy
  • Średni wynik to 14 z 16

Statystyki odpowiedzi

KrajStolica% Poprawnych
TurcjaAnkara
100%
IndieNowe Delhi
100%
ChinyPekin
100%
Korea PołudniowaSeul
100%
JaponiaTokio
100%
MongoliaUłan Bator
100%
KazachstanNur - Sułtan
94%
IrakBagdad
89%
WietnamHanoi
89%
IranTeheran
89%
TajlandiaBangkok
83%
IndonezjaDżakarta
83%
AfganistanKabul
83%
Arabia SaudyjskaRijad
83%
PakistanIslamabad
67%
MyanmaNaypyidaw
56%

Rozkład punktacji

Percentyl według liczby udzielonych odpowiedzi

Procent ludzi z każdym wynikiem

Twoja historia wyników

Nie rozwiązałeś tego quizu